Countries with embassies and consulates in Zimbabwe - Statistics

General Stats
  • This quiz has been taken 35 times
  • The average score is 38 of 48
Answer Stats
Continent Country % Correct
Africa Zambia
100%
Africa Algeria
97%
Oceania Australia
97%
North America Canada
97%
Asia China
97%
Europe France
97%
Africa Namibia
97%
Africa South Africa
97%
North America United States of America
97%
Africa Democratic Republic of the Congo
93%
Africa Egypt
93%
Europe Germany
93%
Asia Japan
93%
Europe United Kingdom
93%
Africa Angola
90%
Africa Botswana
90%
South America Brazil
90%
Africa Ghana
90%
Europe Italy
90%
Africa Kenya
90%
Africa Mozambique
90%
Africa Nigeria
90%
Europe Spain
90%
Asia India
86%
Asia/ Europe Russia
86%
Africa Ethiopia
83%
Asia Indonesia
83%
Europe Switzerland
83%
Africa Tanzania
83%
Asia Pakistan
79%
Europe Portugal
79%
Asia South Korea
79%
Europe the Netherlands
79%
North America Cuba
76%
Africa Malawi
72%
Asia Malaysia
72%
Europe Sweden
72%
Europe Norway
69%
Asia Iran
66%
Asia/ Europe Turkey
66%
Africa Libya
62%
Africa South Sudan
59%
Europe Greece
55%
Europe Vatican City
52%
Europe Romania
45%
Asia Kuwait
31%
Asia Palestine
28%
Africa Western Sahara
21%
No matching quizzes found
Score Distribution
Percent of People with Each Score
Percentile by Number Answered
Your Score History
You have not taken this quiz